000 01243nam a22001337a 4500
999 _c533161
_d533161
008 260427b ||||| |||| 00| 0 eng d
100 _a Ngaihte, Thangkhanlal and Doungel, Jangkhongam
_960274
245 _aThe colonial impact on chieftainship: The case of the ZO people (1896–1954)
260 _aEconomic & Political Weekly
300 _a61(8), Feb 21, 2026: p.53-59
520 _aChieftainship, which has been central to the sociopolitical life of the Zo ethnic tribes in the Indo-Burma borderlands since precolonial times, features in all colonial writings on the Zo tribes, but there has been no major independent study of the institution. Analysing the impact of colonial rule on Zo chieftainship, the paper shows that colonial rule while hollowing out the core attributes of Zo chieftainship, entrenched landownership systems and economic power in favour of the chiefs within this system. This ultimately hastened the dissolution of the institution itself, in parts of the region, while further strengthening the hold of the chiefs on village lands in other places. –Reproduced https://www.epw.in/journal/2026/8/special-articles/colonial-impact-chieftainship.html
773 _aEconomic & Political Weekly
942 _cAR